Birthplaces of Men's Ballon D'or Winners On a Map - Statistics

General Stats
  • This quiz has been taken 46 times
  • The average score is 15 of 46
Answers on the Map
Answers color-coded by a green-red scale on the quiz's map according to % correct below.
 
Answer Stats
Times Won Player Answer % Correct
2 Alfredo Di Stefano Buenos Aires
84%
8 Lionel Messi Rosario
76%
3 Johan Cruyff Amsterdam
74%
1 Ruud Gullit Amsterdam
74%
2 Franz Beckenbauer Munich
74%
1 Oleg Blokhin Kyiv
71%
1 Rodri Madrid
68%
1 Fabio Cannavaro Naples
68%
1 Zinedine Zidane Marseille
66%
1 Lev Yashin Moscow
63%
1 George Best Belfast
58%
5 Cristiano Ronaldo Funchal
55%
1 Karim Benzema Lyon
55%
1 Eusebio Maputo
50%
1 Denis Law Aberdeen
47%
1 Luis Suarez A Coruna
45%
1 George Weah Monrovia
45%
1 Ronaldinho Porto Alegre
39%
1 Rivaldo Recife
39%
3 Marco van Basten Utrecht
39%
1 Matthias Sammer Dresden
34%
1 Hristo Stoichkov Plovdiv
32%
1 Luka Modric Zadar
32%
1 Igor Belanov Odesa
29%
1 Gianni Rivera Alessandria
16%
1 Paolo Rossi Prato
16%
1 Pavel Nedved Cheb
13%
1 Luis Figo Almada
11%
1 Jean-Pierre Papin Boulogne-sur-Mer
11%
1 Lothar Matthaus Erlangen
11%
1 Kaka Gama
11%
3 Michel Platini Jœuf
11%
2 Karl-Heinz Rummenigge Lippstadt
11%
2 Kevin Keegan Armthorpe
8%
1 Bobby Charlton Ashington
8%
1 Michael Owen Chester
8%
1 Stanley Matthews Hanley
8%
2 Ronaldo Itaguai
8%
1 Gerd Muller Nördlingen
8%
1 Omar Sivori San Nicolas
8%
1 Josef Masopust Střimice
8%
1 Allan Simonsen Vejle
8%
1 Roberto Baggio Caldogno
5%
1 Florian Albert Hercegszántó
5%
1 Raymond Kopa Nœux-les-Mines
5%
1 Andriy Shevchenko Dvirkivshchyna
3%
No matching quizzes found
Score Distribution
Percent of People with Each Score
Percentile by Number Answered
Your Score History
You have not taken this quiz